banner-ar

المراجع العامة دراسة نظرية نوعية عن القواميس اللغوية ودوائر المعارف / (Record no. 31866)

MARC details
000 -الفاتح
حقل البيانات ثابتة الطول 00762nam a2200217Ia 4500
008 - عناصر البيانات ثابتة الطول - معلومات عامة
حقل البيانات ثابتة الطول 140319s9999 xx 000 0 ara d
040 ## - مصدر الفهرسة
وكالة الفهرسة الأصلية GCL /
وكالة النسخ GCL
082 04 - رقم تصنيف ديوى العشرى
رقم التصنيف 027.424
رقم المادة س م
100 1# - المدخل الرئيسى - إسم شخصى
الإسم الشخصى سعد محمد الهجرسى
245 10 - بيان العنوان
العنوان المراجع العامة دراسة نظرية نوعية عن القواميس اللغوية ودوائر المعارف /
بيان المسئوليه,etc سعد محمد الهجرسى
260 ## - PUBLICATION, DISTRIBUTION, ETC. (IMPRINT)
تاريخ النشر أو التوزيع 1980
300 ## - الوصف المادى
التعداد 70 ص
490 ## - بيان السلسلة
عنوان السلسلة
650 04 - المدخل الاضافى بالموضوع-مصطلح موضوعى
مصطلح موضوعي دوائر المعارف
650 04 - المدخل الاضافى بالموضوع-مصطلح موضوعى
مصطلح موضوعي المراجع
650 04 - المدخل الاضافى بالموضوع-مصطلح موضوعى
مصطلح موضوعي المراجع المتخصصة
650 04 - المدخل الاضافى بالموضوع-مصطلح موضوعى
مصطلح موضوعي الارشاد المرجعى
650 04 - المدخل الاضافى بالموضوع-مصطلح موضوعى
مصطلح موضوعي المراجع العربية
942 ## - عناصر المدخل الإضافي( كوها)
مصدر التصنيف او مخطط الترفيف Dewey Decimal Classification
Koha [default] item type كتاب
260 ## - PUBLICATION, DISTRIBUTION, ETC. (IMPRINT)
-- [S.N] :
-- البيت العربى للمعلومات ،
Holdings
حالة التراجع حالة الفقد حالة تلف ليس للاعارة المكان المؤقت الموقع الحالى تاريخ الاكتساب اجمالي اﻻعارات رقم الطلب الباركود تاريخ اخر مشاهدة تاريخ تفعيل السعر نوع وعاء كوها
        مكتبة القاهرة الكبرى مكتبة القاهرة الكبرى 03/26/2014   027.424\س م 74777 03/26/2014 03/26/2014 كتاب
        مكتبة القاهرة الكبرى مكتبة القاهرة الكبرى 03/26/2014   027.424\س م 74778 03/26/2014 03/26/2014 كتاب

Powered By

EGPV